00947pam a2200265 a 4500001000500000005001700005020001700022040002300039050001400062082001200076100001800088245008400106250004000190260003600230300004400266490003100310500005900341505000800400520014800408521002000556521002000576650001900596650002800615700003800643269820250211080454.0 a078073003990 aDLCcDLCdDLCbeng00aPZ7.D219300a823.9141 aBaglio, Ben.M10aKittens in the kitchen /cM. Baglio, Ben ; illustrations by Shelagh McNicholas. aFirst Scholastic printing, May 1998 aNew York ;bScholastic , c1998 a147 pages : billustrations ; c20 cm. 1 aAnimal Ark series vBook 1 a"First published in Great Britain in 1994"--verso t.p. aN  aWhen the stray cat she has adopted has kittens in her school caretaker's cottage, he gives Mandy just a week to find homes for the four babies. a560 bLexile  aN bRaz-Plus  1aCatsxFiction. 1aVeterinariansxFiction.1 aMcNicholas, Shelagheillustrator